E-marketing

Gardado en:
Detalles Bibliográficos
Main Authors: Strauss, Judy (Author), El-Ansary, Adel (Author), Frost, Raymond (Author)
Formato: Libro
Idioma:inglés
Publicado: Upper Saddle River Pearson Education 2006
Edición:4a. ed
Subjects:
Tags: Engadir etiqueta
Sen Etiquetas, Sexa o primeiro en etiquetar este rexistro!

MARC

LEADER 00000nam a2200000 a 4500
001 UCI5035
003 CL-VaPUC
008 080311e20060000us |||||||||||||||||eng|d
020 |a 0131485199 
082 0 4 |a 658.872  |b STR  |2 21 
100 0 |a Strauss, Judy  |e author  |9 527106 
700 0 |a El-Ansary, Adel  |e author  |9 527107 
700 0 |a Frost, Raymond  |e author  |9 527108 
245 1 0 |a E-marketing 
250 |a 4a. ed 
300 |a 456 p 
942 |c BK 
945 |d 20080311 00:00:00  |a cmena 
260 |a Upper Saddle River  |b Pearson Education  |c 2006 
650 0 |a Comercio electrónico  |9 428366 
650 0 |a Marketing  |9 259324 
650 0 |a Planificación estratégica   |9 259735 
650 0 |a Internet   |9 254823 
583 |a last modification  |c 20171204 01:27:31  |k Rodrigo Vera 
999 |c 328799  |d 328797